1市区町村しか使用しない文字を含む市区町村 (2000年) - Statistics

General Stats
  • This quiz has been taken 112 times
    94 since last reset
  • The average score is 202 of 338
Answer Stats
都道府県 該当文字 市区町村名 % Correct
東京都 あ | る あきる野市
97%
北海道 コ | セ | ニ ニセコ町
94%
福島県 いわき市
91%
茨城県 た | ち | な | ひ ひたちなか市
91%
茨城県 く | ば つくば市
89%
大阪府 交野市
89%
大阪府 堺市
86%
岐阜県 務 | 各 各務原市
85%
北海道 夕張市
85%
北海道 も | り えりも町
83%
宮城県 亘理町
83%
福岡県 宗像市
83%
北海道 似 | 様 様似町
82%
北海道 美唄市
82%
大阪府 寝屋川市
82%
北海道 帯広市
82%
広島県 廿 廿日市市
82%
青森県 弘前市
82%
福井県 敦賀市
82%
鹿児島県 枕崎市
82%
福島県 只見町
80%
石川県 羽咋市
80%
群馬県 嬬婦 | 恋 嬬恋村
80%
千葉県 我孫子市
80%
兵庫県 尼崎市
80%
大阪府 摂津市
80%
山形県 最上町
80%
山梨県 山梨市
80%
北海道 小樽市
80%
奈良県 橿 橿原市
80%
東京都 練馬区
80%
沖縄県 沖縄市
80%
栃木県 壬生町
79%
福岡県 太宰府市
79%
北海道 屈 | 弟 弟子屈町
79%
茨城県 鹿嶋市
79%
埼玉県 桶川市
79%
東京都 青梅市
79%
新潟県 燕市
79%
新潟県 新発田市
79%
北海道 稚内市
79%
山形県 天童市
79%
神奈川県 箱根町
79%
千葉県 習志野市
79%
埼玉県 蕨市
79%
神奈川県 逗子市
79%
三重県 鈴鹿市
79%
千葉県 銚子市
79%
福井県 鯖江市
79%
滋賀県 キ | マ マキノ町
77%
北海道 共和町
77%
埼玉県 嵐山町
77%
岩手県 久慈市
77%
大阪府 枚方市
77%
千葉県 流山市
77%
北海道 紋別市
77%
沖縄県 那覇市
77%
長崎県 諫早市
77%
岩手県 釜石市
77%
岩手県 雫石町
77%
東京都 葛飾区
77%
岩手県 江刺市
76%
岐阜県 可児市
76%
鹿児島県 姶良町
76%
北海道 音威子府村
76%
鹿児島県 指宿市
76%
奈良県 斑鳩町
76%
北海道 斜里町
76%
大阪府 羽曳野市
76%
群馬県 桐生市
76%
福島県 磐梯町
76%
沖縄県 宜野湾市
76%
埼玉県 長瀞町
76%
東京都 狛江市
76%
北海道 美瑛町
76%
秋田県 男鹿市
76%
大阪府 四條畷市
76%
富山県 砺波市
76%
茨城県 結城市
76%
静岡県 裾野市
76%
沖縄県 読谷村
76%
沖縄県 名護市
76%
山梨県 身延町
76%
茨城県 鉾田市
76%
埼玉県 鴻巣市
76%
北海道 妹 | 背 妹背牛町
74%
兵庫県 播磨町
74%
秋田県 大曲市
74%
熊本県 球磨村
74%
山口県 美祢市
74%
宮城県 塩竈市
74%
鹿児島県 霧島町
74%
青森県 大鰐町
74%
和歌山県 ぎ | ら かつらぎ町
73%
北海道 江差町
73%
山梨県 忍野村
73%
愛知県 渥美町
73%
栃木県 烏山町
73%
愛知県 碧南市
73%
北海道 芽室町
73%
北海道 留萌市
73%
静岡県 袋井市
73%
千葉県 袖ケ浦市
73%
香川県 観音寺市
73%
愛知県 設楽町
73%
北海道 網走市
73%
千葉県 鋸南町
73%
和歌山県 さ | す すさみ町
71%
千葉県 夷隅町
71%
北海道 恵庭市
71%
北海道 新得町
71%
京都府 精華町
71%
北海道 白糠町
71%
鹿児島県 知覧町
71%
鹿児島県 与論町
71%
愛知県 日進市
71%
静岡県 修善寺町
70%
長崎県 小値賀町
70%
北海道 壮 | 瞥 壮瞥町
70%
沖縄県 恩納村
70%
千葉県 印旛村
70%
北海道 京極町
70%
北海道 訓子府町
70%
山形県 遊佐町
70%
山口県 防府市
70%
新潟県 見附市
70%
北海道 鵡川町
70%
北海道 初山別村
68%
沖縄県 今帰仁村
68%
愛知県 扶桑町
68%
岩手県 普代村
68%
北海道 洞爺村
68%
北海道 標茶町
68%
北海道 留辺蘂町
68%
秋田県 八郎潟町
68%
青森県 階上町
68%
北海道 乙部町
67%
埼玉県 松伏町
67%
茨城県 友部町
67%
佐賀県 基山町
67%
福島県 塙町
67%
長野県 売木村
67%
岩手県 矢巾町
67%
北海道 幕別町
67%
北海道 大樹町
67%
群馬県 片品村
67%
福島県 矢祭町
67%
鹿児島県 薩摩町
67%
宮崎県 都農町
67%
青森県 鰺ヶ沢町
67%
宮城県 柴田町
65%
岐阜県 坂祝町
65%
新潟県 籠 | 聖 聖籠町
65%
熊本県 苓北町
65%
山梨県 小菅村
65%
北海道 虻田町
65%
秋田県 象潟町
65%
宮崎県 高鍋町
65%
北海道 雨竜町
65%
愛知県 飛島村
65%
岩手県 大槌町
64%
栃木県 氏家町
64%
宮城県 涌谷町
64%
福岡県 苅田町
64%
青森県 蓬田村
64%
広島県 因島市
62%
奈良県 安堵町
62%
岐阜県 御嵩町
62%
鹿児島県 隼人町
62%
熊本県 不 | 火 不知火町
61%
北海道 剣淵町
61%
長野県 喬木村
61%
島根県 知夫村
61%
北海道 猿払村
61%
熊本県 産山村
61%
長野県 麻績村
61%
福島県 猪苗代町
61%
三重県 菰野町
61%
徳島県 藍住町
61%
宮城県 大衡村
61%
北海道 豊頃町
61%
佐賀県 呼子町
59%
宮崎県 日之影町
59%
沖縄県 伊是名村
59%
長崎県 時津町
59%
奈良県 御杖村
59%
長野県 泰阜村
59%
千葉県 睦沢町
59%
鹿児島県 開聞町
59%
長野県 戸隠村
59%
山形県 鮭川村
59%
北海道 俱知安町
58%
愛媛県 削 | 弓 弓削町
58%
鹿児島県 宇検村
58%
埼玉県 菖蒲町
58%
三重県 員弁町
56%
福岡県 浮羽町
56%
奈良県 曽爾村
56%
青森県 碇ケ関村
56%
愛知県 額田町
56%
福島県 鮫川村
56%
山梨県 鰍沢町
56%
沖縄県 知念村
55%
高知県 檮原町
55%
宮城県 牡鹿町
55%
鹿児島県 伊集院町
55%
宮崎県 三股町
53%
新潟県 頸城村
53%
茨城県 真壁町
52%
埼玉県 都幾川村
52%
福島県 桑折町
52%
滋賀県 朽木村
52%
長野県 更埴市
50%
長野県 梓川村
50%
滋賀県 虎姫町
50%
香川県 詫間町
50%
富山県 婦中町
48%
岩手県 胆沢町
48%
広島県 加計町
48%
青森県 力 | 車 車力村
47%
鹿児島県 頴娃町
47%
愛知県 甚目寺町
47%
福岡県 鞍手町
47%
熊本県 植木町
45%
北海道 椴法華村
45%
岡山県 牛窓町
45%
佐賀県 鎮西町
45%
大分県 犬飼町
45%
愛知県 足助町
44%
長崎県 上対馬町
44%
群馬県 笠懸町
44%
和歌山県 粉河町
44%
三重県 鵜殿村
44%
島根県 匹見町
42%
徳島県 宍喰町
42%
兵庫県 夢前町
42%
熊本県 泗水町
42%
青森県 常盤村
42%
北海道 忠類村
42%
愛知県 西枇杷島町
41%
福岡県 三潴町
41%
兵庫県 緑町
41%
和歌山県 貴志川町
41%
京都府 加悦町
39%
長野県 望月町
39%
福島県 霊山町
39%
千葉県 本埜村
38%
広島県 甲奴町
38%
千葉県 干潟町
38%
岐阜県 谷汲村
38%
奈良県 當麻町
38%
愛媛県 肱川町
38%
岡山県 英田町
38%
埼玉県 騎西町
38%
岡山県 建部町
36%
福岡県 犀川町
36%
愛媛県 三瓶町
36%
鳥取県 赤碕町
36%
群馬県 大胡町
36%
鹿児島県 菱刈町
36%
岡山県 落合町
36%
奈良県 大宇陀町
36%
岐阜県 付知町
35%
兵庫県 但東町
35%
秋田県 十文字町
35%
茨城県 瓜連町
35%
岩手県 衣川村
35%
長崎県 江迎町
35%
愛知県 鳳来町
35%
茨城県 茎崎町
33%
徳島県 貞光町
33%
滋賀県 五個荘町
32%
岐阜県 武儀町
32%
和歌山県 打田町
32%
岐阜県 兼山町
30%
愛知県 師勝町
30%
福井県 越廼村
30%
大分県 安心院町
30%
岩手県 浄法寺町
30%
長崎県 上県町
30%
鹿児島県 祁答院町
30%
三重県 御薗村
30%
北海道 東藻琴村
30%
鹿児島県 輝北町
30%
石川県 押水町
29%
静岡県 雄踏町
29%
熊本県 千丁町
27%
香川県 庵治町
27%
佐賀県 川副町
26%
山口県 周東町
26%
福岡県 碓井町
26%
島根県 五箇村
26%
奈良県 菟田野町
26%
群馬県 藪塚本町
26%
岐阜県 糸貫町
26%
岐阜県 伊自良村
24%
大分県 荻町
24%
宮城県 鶯沢町
24%
群馬県 子持村
23%
岡山県 柵原町
23%
岡山県 有漢町
23%
広島県 筒賀村
23%
広島県 沼隈町
23%
島根県 多伎町
21%
群馬県 倉渕村
21%
岐阜県 蛭川村
21%
熊本県 岱明町
20%
鹿児島県 笠沙町
20%
岡山県 北房町
18%
大分県 挾間町
18%
鹿児島県 樋脇町
17%
岡山県 上齋原村
17%
滋賀県 二ツ井町
15%
大分県 本匠村
15%
鹿児島県 末吉町
15%
新潟県 笹神村
15%
広島県 総領町
14%
No matching quizzes found
Score Distribution
Percent of People with Each Score
Percentile by Number Answered
Your Score History
You have not taken this quiz since the last reset